000 00805cam9a220024100 4500
001 qce02081318
005 20190823111651.0
008 830413m19659999ii a b 000 0 eng
010 _asa 66002033
025 _aPL480:I-E-5370
035 _a(Sirsi) r14984
035 _a(QCAT)lss04022926
035 _a(UPRA)qce02081318
040 _dUPRA
050 0 _aQD75
_b.J28
100 1 _aJanardhan, Pandarinath Bhuvanendra, 1921-
_dJanardhan, Pandarinath Bhuvanendra, 1921-
_6A71209.1
245 1 0 _aPhysico-chemical techniques of analysis /
_c[by] P.B. Janardhan.
260 _aBombay ; New York :
_aBombay ; New York :
_bAsia Pub. House,
_c[1965-
504 _aBibliographical footnotes.
650 0 _aChemistry, Analytic.
_6S8117.1
949 _aQD75
_wlcc
_i-9312
_mMAIN
_tBOOK
_lON-SHELF
004 14984
999 _c152122
_d152122